MARC

LEADER 00000nam0a2200000 4500
001 599795
005 20240204183656.0
029 1 0 |a RU  |b 2327068  |c Пат.  |d МПК F 16 H 1/00  |d МПК F 16 H 25/06 
035 |a (RuTPU)RU\TPU\tpu\23931 
035 |a RU\TPU\tpu\22730 
039 0 |a RU  |b 2006136735/11  |c 20061016 
090 |a 599795 
100 |a 20131111j20080620k y0rusy50 ca 
101 0 |a rus 
102 |a RU 
105 |a a k 000zy 
200 1 |a Передача со свободной обоймой  |f Е. А. Ефременков [и др.]  |g Томский политехнический университет (ТПУ) ; Научно-производственное предприятие "Томская электронная компания"  
300 |a опубл. 20.06.08, Бюл. № 17 
333 |a В фонде НТБ ТПУ отсутствует 
610 1 |a патенты 
610 1 |a труды учёных ТПУ 
701 1 |a Ефременков  |b Е. А.  |c специалист в области машиностроения  |c доцент Томского политехнического университета, кандидат технических наук  |f 1975-  |g Егор Алексеевич  |3 (RuTPU)RU\TPU\pers\25819  |4 070  |9 11692 
701 1 |a Шибинский  |b К. Г.  |c специалист в области машиностроения  |c старший преподаватель Томского политехнического университета  |f 1980-  |g Константин Григорьевич  |3 (RuTPU)RU\TPU\pers\30617 
701 1 |a Мартынов  |b А. К.  |c специалист в области машиностроения  |c профессор Томского политехнического университета  |f 1932-  |g Анатолий Кузьмич  |3 (RuTPU)RU\TPU\pers\19837  |4 070 
701 1 |a Хлыст  |b С. В.  |g Сергей Васильевич 
701 1 |a Иванов  |b А. Г.  |g Алексей Геннадьевич 
712 0 2 |a Томский политехнический университет (ТПУ)  |c (1991-2009)  |3 (RuTPU)RU\TPU\col\376 
712 0 2 |a Томская электронная компания  |b Научно-производственное предприятие  |3 (RuTPU)RU\TPU\col\18410  |9 27026 
801 1 |a RU  |b 63413507  |c 20120201 
801 2 |a RU  |b 63413507  |c 20150331  |g RCR 
942 |c BK